Banned from Flight Quiz Stats

 Plays Quiz Updated Oct 20, 2014

Challenge
Share
Tweet
Score 0/35 Timer 05:00
3 Plays Today
% Correct
Meat Cleaver- Banned
97.2%
Box Cutter- Banned
96.3%
Hatchet- Banned
95.9%
Sword- Banned
94.9%
Throwing Star- Banned
94.8%
Tissues- Allowed!
94.5%
Bow and Arrow- Banned
94.5%
Flare Gun- Banned
94.4%
Crow Bar- Banned
94.4%
Ice Pick- Banned
94.2%
Spear Gun- Banned
94.1%
iPad- Allowed!
94.1%
Buzz Lightyear- Allowed!
93.8%
Foam Hand- Allowed!
93.8%
Cattle Prod- Banned
93.3%
Apple Pie- Allowed!
93%
Emery Board- Allowed!
91.7%
Nunchucks- Banned
91.6%
% Correct
Football- Allowed!
90.4%
Pencils- Allowed!
89.8%
Ammunition- Banned
88.7%
Apples- Allowed!
88.6%
Baseball Bat- Banned
85.8%
Duct Tape- Allowed!
85.4%
Umbrella- Allowed!
81.6%
Power Drill- Banned
81.4%
Tennis Racket- Allowed!
72.9%
Knitting Needles- Allowed!
61.9%
Fork- Allowed!
53%
Can Opener- Allowed!
51.6%
Golf Club- Banned
50.8%
Lacrosse Stick- Banned
48.5%
Chimpanzee- Allowed!
44%
Handcuffs- Allowed!
39.3%
Squirt Gun- Allowed!
36.7%

You're not logged in!

Compare scores with friends on all Sporcle quizzes.
Join for Free
OR
Log In

You Might Also Like...

Show Comments

Extras

Top Quizzes Today


Score Distribution

Your Account Isn't Verified!

In order to create a playlist on Sporcle, you need to verify the email address you used during registration. Go to your Sporcle Settings to finish the process.

Report this User

Report this user for behavior that violates our Community Guidelines.

Details: